Política de ordenación del territorio en Europa (Registro nro. 166570)
[ vista simple ]
| 000 -ENCABEZADO | |
|---|---|
| Número de control [NR] | 01084nam a22002537a 4500 |
| 008 - DE LONGITUD FIJA DE DATOS DE ELEMENTOS - INFORMACIÓN GENERAL | |
| Elementos de longitud fija [NR] | 131031s19962002sp b frn 001 0 spa |
| 020 ## - NUMERO INTERNACIONAL NORMALIZADO PARA LIBROS [R] | |
| Número Internacional Normalizado del libro [NR] | 8447203158 |
| 040 ## - FUENTE DE CATALOGACION [NR] | |
| Agencia de catalogación original [NR] | CO-BoUCM |
| Idioma de catalogación [NR] | spa |
| Quien Cataloga | |
| Quien Clasifica | Aldemar Mondragón (modificó) |
| 041 00 - CODIGO DE IDIOMA [R] | |
| Código de idioma para texto/pista de sonido o título separado [R] | Español |
| 100 1# - ASIENTO PRINCIPAL--NOMBRE PERSONAL [NR] | |
| Nombre personal [NR] | Hildenbrand Scheid, Andreas |
| ID Autoridad | 38195 |
| 245 10 - MENCION DE TITULO [NR] | |
| Título [NR] | Política de ordenación del territorio en Europa |
| Mención de responsabilidad, etc. [NR] | Andreas Hildenbrand Scheid |
| 260 ## - PUBLICACION, DISTRIBUCION, ETC. (PIE DE IMPRENTA) [R] | |
| Lugar de publicación, distribución, etc. [R] | Sevilla (Andalucía, España) |
| Nombre del editor, distribuidor, etc. [R] | Universidad de Sevilla |
| -- | Junta de Andalucía |
| Fecha de publicación, distribución, etc. [R] | 1996 |
| 300 ## - DESCRIPCION FISICA [R] | |
| Extensión [R] | 541 páginas |
| Otros detalles físicos [NR] | mapas |
| 490 0# - MENCION DE SERIE [R] | |
| Mención de serie [R] | Colección Kora |
| Designación numérica/secuencial del volumen [NR] | 8 |
| 504 ## - NOTA DE BIBLIOGRAFIA, ETC. [R] | |
| Nota de bibliografía, etc. [NR] | Incluye referencias bibliográficas e índices |
| 650 #7 - ASIENTO SECUNDARIO DE MATERIA - TERMINO TEMATICO [R] | |
| Término temático o nombre geográfico como elemento de entrada [NR] | Ordenación del territorio |
| Subdivisión geográfica [R] | Europa |
| 9 (RLIN) | 38196 |
| 650 #7 - ASIENTO SECUNDARIO DE MATERIA - TERMINO TEMATICO [R] | |
| Término temático o nombre geográfico como elemento de entrada [NR] | Política territorial |
| Subdivisión geográfica [R] | Europa |
| 9 (RLIN) | 38256 |
| 651 #4 - ASIENTO SECUNDARIO DE MATERIA - NOMBRE GEOGRAFICO [R] | |
| Nombre geográfico [NR] | Europa |
| Subdivisión general [R] | Política y gobierno |
| 9 (RLIN) | 37419 |
| 690 ## - ASUNTO AGREGADO LOCAL DE ENTRADA - TÉRMINO TEMÁTICO (OCLC, RLIN) | |
| Acceso temático local | Ciencia política |
| 710 1# - ASIENTO SECUNDARIO - NOMBRE CORPORATIVO [R] | |
| Nombre corporativo o de jurisdicción como elemento de entrada [NR] | Junta de Andalucía |
| Unidad subordinada [R] | Consejería de Obras Públicas y Transportes |
| 9 (RLIN) | 38197 |
| 710 1# - ASIENTO SECUNDARIO - NOMBRE CORPORATIVO [R] | |
| Nombre corporativo o de jurisdicción como elemento de entrada [NR] | Universidad de Sevilla |
| Unidad subordinada [R] | Secretariado de Publicaciones |
| 9 (RLIN) | 4727 |
| 942 ## - ELEMENTOS DE ENTRADA AGREGADOS (KOHA) | |
| Tipo de ítem principal el descrito en 300a | Libro |
| Tema principal | Ciencia política |
| Edición | 1 |
| Parte restante de la signatura top. | H642p |
| Sistema de clasificación | DEWEY |
| Clasificación | 320.85 |
| Fecha de último préstamo | Total préstamos | Total Renewals | Signatura topográfica | Código de barras | Última vez visto | Ejemplar | Costo de reposición | Price effective from | Tipo de ítem | Perdido | Sistema de clasificación | Dañado | No prestable | Tipo de ítem específico | Suprimido | Ubicación habitual | Ubicación actual | Localización | Fecha de creación | Proveedor | Forma de adquisición | Costo |
|---|---|---|---|---|---|---|---|---|---|---|---|---|---|---|---|---|---|---|---|---|---|---|
| 18/01/2019 | 6 | 4 | 320.85 H642p | 100132312 | 05/06/2024 | Ej.2 | 19000.00 | 24/05/2013 | Libro | DEWEY | Libro | Bodega | Bodega | 3er piso | 24/05/2013 | 15 | Compra | 49150.00 |